|
|
|
|
| LEADER |
00000cam a2200000 a 4500 |
| 001 |
vtls001482953 |
| 003 |
SK-MaSNL |
| 005 |
20260301104512.0 |
| 008 |
180813s1964 xo a f np 00100 slo |
| 015 |
|
|
|a SNBA1965/02-00262
|
| 020 |
|
|
|q (viaz.)
|
| 035 |
|
|
|a SNK000438249
|
| 040 |
|
|
|a SNK
|b slo
|c SNK
|e AACR2
|
| 041 |
1 |
|
|a slo
|h cze
|
| 044 |
|
|
|a xo
|c SK
|
| 080 |
|
|
|a 581.4(075.8)
|2 1981
|
| 100 |
1 |
|
|a Černohorský, Zdeněk,
|d 1910-2001
|4 aut
|9 112372
|
| 240 |
1 |
0 |
|a Základy rostlinné morfologie
|l Slovensky
|
| 245 |
1 |
0 |
|a Základy rastlinnej morfológie
|c Zdeněk Černohorský ; [z českého originálu Základy rostlinné morfologie ... preložil Ján Záborský]
|
| 250 |
|
|
|a 1. vyd.
|
| 260 |
|
|
|a Bratislava
|b Slovenské pedagogické nakladateľstvo
|c 1964
|
| 300 |
|
|
|a 227, [65] s.
|b fotogr., ilustr.
|c 24 cm
|
| 366 |
|
|
|e 2100 výtl.
|
| 500 |
|
|
|a Na titulnej strane nesprávne uvedený rok vydania 1962
|
| 504 |
|
|
|a Obsahuje bibliografiu a register
|
| 650 |
0 |
7 |
|a botanika
|2 SNKPH
|9 688
|
| 650 |
0 |
7 |
|a morfológia rastlín
|2 SNKPH
|9 73305
|
| 655 |
|
7 |
|a učebnice vysokých škôl
|2 SNKPH
|9 70191
|
| 700 |
1 |
|
|a Záborský, Ján,
|d 1928-
|4 trl
|9 38041
|
| 958 |
|
|
|a OND
|
| 999 |
|
|
|c 698293
|d 700223
|
| 952 |
|
|
|a SNK
|b SNK
|y PREZ
|7 0
|p 17A0872491
|o snkSC 19523
|0 0
|1 0
|4 0
|d 2012-08-30
|l 0
|r 2026-02-23 20:48:39
|w 2026-02-23
|
| 952 |
|
|
|t P60, <04>, [BOOK], {604}
|a SNK
|b SNK
|y VYP
|7 0
|p 17A0445738
|o snkSC 19523 D1
|i snkV 509/66
|0 0
|1 0
|4 0
|d 2004-10-05
|l 0
|r 2005-01-02 00:00:00
|w 2026-02-23
|